[Event "Udaipur Holi Cup 6th"]
[Site "Udaipur"]
[Date "2024.04.03"]
[Round "7"]
[White "Anadkat, Kartavya"]
[Black "Rachit, H Gurnani"]
[Result "1/2-1/2"]
[WhiteElo "2164"]
[BlackElo "1865"]
[PlyCount "90"]
[EventDate "2024.03.31"]
[EventType "swiss"]
[EventRounds "9"]
[EventCountry "IND"]
[SourceTitle "CB16_2024"]
[SourceDate "2024.04.17"]
[SourceVersion "1"]
[SourceVersionDate "2024.04.17"]
[SourceQuality "1"]

1. Nf3 d5 2. g3 c5 3. Bg2 Nc6 4. c4 d4 5. 0-0 e5 6. d3 Be7 7. e3 h6 8. exd4 exd4 9. Bf4 Nf6 10. Ne5 Nxe5 11. Bxe5 Nd7 12. Re1 Nxe5 13. Rxe5 0-0 14. Nd2 Bd6 15. Re1 Qc7 16. Bd5 Kh7 17. Qf3 f5 18. Re2 Bd7 19. Rae1 Rab8 20. Qh5 Qd8 21. Nf3 g6 22. Qh4 Qxh4 23. Nxh4 Rbe8 24. Rxe8 Rxe8 25. Rxe8 Bxe8 26. Bxb7 Kg7 27. Nf3 g5 28. Kf1 Kf6 29. Nd2 Bd7 30. Ke2 h5 31. h4 g4 32. Bd5 Bc7 33. Nb3 Bd6 34. f4 gxf3+ 35. Kxf3 Ba4 36. Nc1 Bd1+ 37. Kg2 Bf8 38. Bf3 Bc2 39. Bxh5 Bh6 40. Nb3 Bxb3 41. axb3 a5 42. Kf3 Bc1 43. g4 fxg4+ 44. Bxg4 Bxb2 45. Ke4 Ba3 1/2-1/2

[Event "IND-ch U19"]
[Site "Ahmedabad"]
[Date "2023.09.23"]
[Round "5"]
[White "Lad, Mandar Pradip"]
[Black "Rachit, H Gurnani"]
[Result "1-0"]
[WhiteElo "1959"]
[BlackElo "1746"]
[PlyCount "87"]
[EventDate "2023.09.20"]
[EventType "swiss"]
[EventRounds "11"]
[EventCountry "IND"]
[SourceTitle "EXT 2024"]
[Source "ChessBase"]
[SourceDate "2023.10.10"]
[SourceVersion "1"]
[SourceVersionDate "2023.10.10"]
[SourceQuality "1"]

1. d4 Nf6 2. c4 e6 3. a3 d5 4. Nc3 c5 5. e3 Nc6 6. dxc5 Bxc5 7. b4 Be7 8. Nf3 0-0 9. Bb2 a6 10. cxd5 exd5 11. Be2 Re8 12. 0-0 Bd6 13. Rc1 Bg4 14. h3 Bh5 15. Rc2 Bb8 16. Rd2 Qc7 17. g3 Ba7 18. Nxd5 Nxd5 19. Rxd5 Rad8 20. Rxd8 Rxd8 21. Qb3 Re8 22. Qc3 f6 23. Kg2 Kh8 24. Rd1 Qe7 25. g4 Bg6 26. Nh4 Be4+ 27. f3 Bg6 28. e4 Bb8 29. Bc1 Qc7 30. Nxg6+ hxg6 31. f4 Rxe4 32. Bf3 Re8 33. Qc2 Ne7 34. Qxc7 Bxc7 35. Rd7 Bb6 36. Bxb7 Kg8 37. Bxa6 Kf8 38. Bb7 g5 39. fxg5 f5 40. Bb2 Be3 41. g6 f4 42. h4 Nxg6 43. Bxg7+ Kg8 44. Bd5+ 1-0

[Event "IND-chT 41st"]
[Site "Jalgaon"]
[Date "2022.04.09"]
[Round "2.1"]
[White "Rachit, H Gurnani"]
[Black "Puranik, Abhimanyu Sameer"]
[Result "0-1"]
[WhiteElo "1854"]
[BlackElo "2610"]
[PlyCount "57"]
[EventDate "2022.04.08"]
[EventType "team-swiss"]
[EventRounds "9"]
[EventCountry "IND"]
[SourceTitle "CBM 208 Extra"]
[Source "ChessBase"]
[SourceDate "2022.07.31"]
[SourceVersion "1"]
[SourceVersionDate "2022.07.31"]
[SourceQuality "1"]
[WhiteTeam "Maharashtra"]
[BlackTeam "Airports Authority"]
[WhiteTeamCountry "IND"]
[BlackTeamCountry "IND"]

1. e4 c5 2. Nf3 Nc6 3. d4 cxd4 4. Nxd4 Nf6 5. Nc3 d6 6. Be2 e5 7. Nb3 h6 8. 0-0 Be7 9. Kh1 0-0 10. f4 a5 11. a4 Nb4 12. Bf3 Qc7 13. Be3 Be6 14. Bc1 Bc8 15. Be3 Be6 16. Rf2 Rfd8 17. Rd2 Bc4 18. Rc1 d5 19. exd5 e4 20. d6 Bxd6 21. Bxe4 Na2 22. Bxb7 Nxc3 23. bxc3 Qxb7 24. Rxd6 Rxd6 25. Qxd6 Bd5 26. Rg1 Re8 27. Qb6 Qc8 28. Bd4 Nh5 29. Be5 0-1

[Event "Mumbai Wealth op 6th"]
[Site "Mumbai"]
[Date "2022.01.01"]
[Round "3"]
[White "Rachit, H Gurnani"]
[Black "Ruturaj, Rushikesh Dhotre"]
[Result "0-1"]
[WhiteElo "1840"]
[BlackElo "1547"]
[PlyCount "106"]
[EventDate "2021.12.30"]
[EventType "swiss"]
[EventRounds "9"]
[EventCountry "IND"]
[SourceTitle "EXT 2023"]
[Source "ChessBase"]
[SourceDate "2022.10.05"]
[SourceVersion "1"]
[SourceVersionDate "2022.10.05"]
[SourceQuality "1"]

1. e4 e6 2. d3 d5 3. Nd2 Nf6 4. Ngf3 c5 5. g3 Nc6 6. Bg2 g6 7. 0-0 Bg7 8. exd5 Nxd5 9. Nb3 b6 10. Qe2 Bb7 11. a4 0-0 12. c3 Ba6 13. Bg5 Qc7 14. Rad1 Rac8 15. Qe4 Nce7 16. Rfe1 Nf5 17. Nbd2 h6 18. Bf4 Nxf4 19. gxf4 Bb7 20. Qc4 Bd5 21. Qa6 Qxf4 22. Qxa7 g5 23. Ne4 g4 24. Nfd2 Nh4 25. c4 Be5 26. Nf1 Bc6 27. Bh1 f5 28. Qe7 Ng6 29. Qxe6+ Kh7 30. Ng5+ hxg5 31. Bxc6 Bd4 32. Ne3 Rc7 33. Bg2 Rf6 34. Qe8 Re7 35. Qc8 Nh4 36. Kh1 Qxf2 37. Rf1 Qxe3 38. Bd5 Rg6 39. Rxf5 Nxf5 40. Qxf5 Qf4 41. Be4 Rxe4 42. dxe4 Qf3+ 43. Qxf3 gxf3 44. b4 Re6 45. b5 Rxe4 46. Rf1 f2 47. Kg2 Rg4+ 48. Kf3 Rg1 49. Ke2 Rxf1 50. Kxf1 Kg6 51. Ke2 Kh5 52. Kf1 Kg4 53. Kg2 Kh4 0-1